| 000 | 01235cam a2200277 4500 | ||
|---|---|---|---|
| 001 | J2919 | ||
| 008 | 090401t1995 xxu||||| |||| 00| 0 eng d | ||
| 035 | _a(Sirsi) u51930 | ||
| 041 | _aeng | ||
| 050 | _a336.21 | ||
| 110 |
_aInstitute for Fiscal Studies _91 |
||
| 245 | 4 |
_aThe relationship between rates and rents: an analysis of the relationship between non-domestic rates and commercial rents _h[electronic resource] |
|
| 260 |
_aLondon _bDepartment of the Environment _c1995 |
||
| 300 | _a64p. ; 30cm. | ||
| 350 | _a8.25 | ||
| 490 | _aLocal Government Research Programme: Research Report | ||
| 520 | _aThe study, which was commissioned by the DoE, investigates whether higher business rates are reflected in lower rents for commercial property. | ||
| 650 | _aPROPERTY-COMMERCIAL PROPERTY | ||
| 650 | _aNON-DOMESTIC RATES | ||
| 650 | _aRENT | ||
| 690 | _aRATING AND VALUATION | ||
| 710 |
_aUnited Kingdom _bDepartment of the Environment _9982 |
||
| 856 | 4 | 0 |
_uhttps://webarchive.nationalarchives.gov.uk/20050911081345/http://www.odpm.gov.uk/stellent/groups/odpm_localgov/documents/page/odpm_locgov_037195.hcsp _zView the document free of charge at webarchive.nationalarchives.gov.uk |
| 942 | _n0 | ||
| 948 | _c04/03/1997 | ||
| 999 |
_c92972 _d92972 |
||